|
|
แสดงรายละเอียดบรรณานุกรม |
|
|
Brief Record
: Get Marc (ISO 2709)
: E-mail record
: |
| LEADER 00000nama 2200000uu 4500 | |||
| 008 040531s2542 th m m a000 0 tha d | |||
| 020 974-8222-66-7 | |||
| 041 tha | |||
| 050 QT255 พ887ก | |||
| 100 เพ็ญนภา ทรัพย์เจริญ | |||
| 245 กายบริหารแบบไทย ท่าฤๅษีดัดตนพื้นฐาน 15 ท่า 001 | |||
| 246 ท่าฤๅษีดัดตน | |||
| 260 กรุงเทพฯ สถาบันการแพทย์แผนไทย 2542 | |||
| 300 63 หน้า | |||
| 650 การดัดตน กายบริหารแบบไทย | |||
| 998 2002-01-16 | |||
| คุณยังไม่ได้ล็อกอิน คุณสามารถมีกิจกรรมร่วมกับเว็บไซต์ได้ แต่ต้องล็อกอินก่อน :: |
|
| สถานะ | |||||||||
| 1. | หนังสือทั่วไป | QT255 พ887ก 2542 | On Shelf ขอยืม | ||||||
| 2. | หนังสือทั่วไป | QT255 พ887ก 2542 | On Shelf ขอยืม | ||||||
| 3. | หนังสือทั่วไป | QT255 พ887ก 2542 | On Shelf ขอยืม | ||||||
| 4. | หนังสือทั่วไป | QT255 พ887ก 2542 | On Shelf ขอยืม | ||||||
| [แสดง 4/4 รายการ] | |||||||||
| รายการใกล้เคียง ผู้แต่ง [เพ็ญนภา ทรัพย์เจริญ]
|
BibComment |
| คอมเมนท์ทรัพยากรรายการนี้ |
|
|